[Event "BL 9192 FTG Frankfurt-Koblenz"]
[Site "?"]
[Date "1991.??.??"]
[Round "?.4"]
[White "Gutman, L."]
[Black "Wolf, V."]
[Result "1-0"]
[WhiteElo "2465"]
[BlackElo "2320"]
[PlyCount "95"]
[EventDate "1991.??.??"]

1. d4 e6 2. g3 Nf6 3. Bg2 c5 4. Nf3 Nc6 5. O-O d5 6. c4 Be7 7. cxd5 exd5 8. Be3
c4 9. b3 cxb3 10. Qxb3 O-O 11. Bg5 h6 12. Bxf6 Bxf6 13. e3 Na5 14. Qd3 Be6 15.
Ne5 Rc8 16. f4 Nc4 17. Nd2 Qa5 18. Nb3 Qd8 19. Rac1 Nd6 20. g4 Re8 21. Rxc8
Qxc8 22. Rc1 Qd8 23. Nc5 b6 24. Na6 Bxe5 25. dxe5 Ne4 26. f5 Bc8 27. Nb4 Rxe5
28. Qd4 Re8 29. Nxd5 Nc5 30. f6 g6 31. h4 Be6 32. Ne7+ Kh7 33. g5 Bxa2 34. Ra1
Bb3 35. Rxa7 hxg5 36. hxg5 Qxd4 37. exd4 Ne6 38. d5 Nxg5 39. d6 Be6 40. Nc6 Kh6
41. Re7 Ra8 42. d7 Ra1+ 43. Kh2 Bxd7 44. Rxd7 Re1 45. Nd8 Re8 46. Kg3 Re3+ 47.
Kg4 Re5 48. Rd1 1-0

[Event "BL 9192 FTG Frankfurt-Koblenz"]
[Site "?"]
[Date "1991.??.??"]
[Round "?.5"]
[White "Fritsche, L."]
[Black "Heyken, E."]
[Result "0-1"]
[WhiteElo "2395"]
[BlackElo "2440"]
[PlyCount "62"]
[EventDate "1991.??.??"]

1. c4 d6 2. Nc3 Nd7 3. g3 g6 4. Bg2 Bg7 5. d3 e5 6. e4 Ne7 7. Nge2 O-O 8. Be3
c6 9. O-O Nf6 10. h3 Be6 11. f4 Nh5 12. Qd2 exf4 13. gxf4 Qd7 14. Kh2 d5 15.
cxd5 cxd5 16. Nd4 dxe4 17. dxe4 Rad8 18. Rad1 Qc7 19. Qf2 Bc4 20. Rfe1 Bh6 21.
e5 f6 22. Ndb5 Bxb5 23. Nxb5 Qa5 24. exf6 Nf5 25. f7+ Kh8 26. Bb6 Qxe1 27. Rxd8
Bxf4+ 28. Qxf4 Nxf4 29. Bd4+ Nxd4 30. Rxf8+ Kg7 31. Re8 Nf3+ 0-1

[Event "BL 9192 FTG Frankfurt-Koblenz"]
[Site "?"]
[Date "1991.??.??"]
[Round "?.6"]
[White "Kohlweyer, B."]
[Black "Weidemann, J."]
[Result "1-0"]
[WhiteElo "2405"]
[BlackElo "2315"]
[PlyCount "71"]
[EventDate "1991.??.??"]

1. d4 d6 2. Nf3 c6 3. c4 f5 4. g3 g6 5. Bg2 Bg7 6. Nc3 Nf6 7. O-O O-O 8. d5 Qe8
9. Rb1 Bd7 10. b4 Na6 11. dxc6 Bxc6 12. b5 Bxf3 13. exf3 Nc5 14. Re1 Qf7 15.
Bf1 Rfd8 16. a4 Rac8 17. Bb2 e5 18. Rc1 h5 19. Rc2 Nb3 20. Na2 Na5 21. Rd2 Nxc4
22. Bxc4 Qxc4 23. Bxe5 Qf7 24. Bd4 h4 25. Kg2 b6 26. Nb4 Rc4 27. Nc6 Rd7 28.
Rde2 Nd5 29. Re8+ Kh7 30. Bxg7 Kxg7 31. Nd8 Rxd8 32. Rxd8 h3+ 33. Kxh3 Rc5 34.
Qd4+ Nf6 35. Qh4 Ng8 36. Ree8 1-0

[Event "BL 9192 FTG Frankfurt-Koblenz"]
[Site "?"]
[Date "1991.??.??"]
[Round "?.7"]
[White "Bayer, E."]
[Black "Werner, D."]
[Result "0-1"]
[WhiteElo "2300"]
[BlackElo "2395"]
[PlyCount "74"]
[EventDate "1991.??.??"]

1. d4 Nf6 2. c4 g6 3. g3 Bg7 4. Bg2 O-O 5. Nf3 d6 6. O-O Nc6 7. Nc3 a6 8. h3
Rb8 9. e4 b5 10. e5 dxe5 11. dxe5 Qxd1 12. Rxd1 Nd7 13. e6 fxe6 14. cxb5 axb5
15. Bf4 b4 16. Ne4 Bxb2 17. Rab1 Bg7 18. Bxc7 Rb7 19. Bf4 Ra7 20. Rbc1 Nde5 21.
Nxe5 Nxe5 22. Rc2 Ra3 23. Bg5 Bd7 24. Nc5 Rc8 25. Rdc1 Rc3 26. Rxc3 bxc3 27.
Be3 Rc7 28. Rxc3 Nf3+ 29. Bxf3 Bxc3 30. Bd1 e5 31. Bb3+ Kg7 32. Na6 Rc8 33. Kg2
Bd4 34. Bg5 Bc6+ 35. f3 Bb7 36. Nb4 Rc3 37. Nd5 Rxb3 0-1

[Event "BL 9192 FTG Frankfurt-Koblenz"]
[Site "?"]
[Date "1991.??.??"]
[Round "?.8"]
[White "Degenhardt, H."]
[Black "Reschke, S."]
[Result "0-1"]
[WhiteElo "2295"]
[BlackElo "2310"]
[PlyCount "130"]
[EventDate "1991.??.??"]

1. d4 Nf6 2. Nf3 g6 3. g3 Bg7 4. Bg2 O-O 5. O-O d6 6. b3 a5 7. a4 Na6 8. Bb2 c6
9. Nbd2 d5 10. Ne5 Bf5 11. f3 Qb6 12. Kh1 Rfd8 13. e4 Be6 14. Qe2 Nb4 15. c3
Na6 16. Rab1 Qc7 17. c4 Nb4 18. Rbc1 Qb6 19. Nd3 Nxd3 20. Qxd3 dxe4 21. fxe4
Ng4 22. Nf3 c5 23. Rcd1 cxd4 24. Bxd4 Bxd4 25. Nxd4 Rd7 26. Qc3 Rad8 27. c5 Qb4
28. Qxb4 axb4 29. Nxe6 Rxd1 30. Nxd8 Rxd8 31. Rc1 Ne5 32. Bf1 Rd2 33. a5 Rf2
34. h3 Kf8 35. a6 bxa6 36. c6 Nxc6 37. Kg1 Rf6 38. Bxa6 Nd4 39. Rc8+ Kg7 40.
Bc4 Rf3 41. Kg2 Rc3 42. Rb8 Nxb3 43. Rxb4 Nc5 44. Bd5 e6 45. Bc6 Rc2+ 46. Kg1
Nd3 47. Rb6 Ne5 48. Ba8 g5 49. Rb5 Kf6 50. Rb8 Ra2 51. Rc8 h5 52. Bb7 h4 53.
gxh4 Nf3+ 54. Kf1 Nxh4 55. Rc3 Ke5 56. Rc7 f6 57. Re7 Ra7 58. Rc7 Kf4 59. Rf7
Kg3 60. Ke2 Ng6 61. Rg7 Nf4+ 62. Ke3 Nxh3 63. Kd4 g4 64. Kc5 Nf2 65. Kd6 Nxe4+
0-1

[Event "BL 9192 Dortmund-Erfurt"]
[Site "?"]
[Date "1991.??.??"]
[Round "?.1"]
[White "Teske, H."]
[Black "Dolmatov, S."]
[Result "1/2-1/2"]
[WhiteElo "2395"]
[BlackElo "2605"]
[PlyCount "64"]
[EventDate "1991.??.??"]

1. e4 e6 2. d4 d5 3. exd5 exd5 4. Bd3 Nf6 5. Nf3 Be7 6. O-O Bg4 7. Bf4 O-O 8.
Nbd2 c5 9. dxc5 Bxc5 10. c3 Nc6 11. Qb3 Qd7 12. Rae1 Nh5 13. Be3 Bxe3 14. Rxe3
Nf4 15. Rfe1 d4 16. cxd4 Nxd4 17. Nxd4 Qxd4 18. Nf3 Qd6 19. Be4 Rab8 20. Qa4
Bxf3 21. Rxf3 Ne6 22. Rd3 Qa6 23. Qb4 Rbd8 24. Rxd8 Rxd8 25. a3 b6 26. g3 Qc8
27. Bf5 Re8 28. Qd6 g6 29. Bxe6 Rxe6 30. Rxe6 fxe6 31. Qe7 Qc1+ 32. Kg2 Qc6+
1/2-1/2

[Event "BL 9192 Dortmund-Erfurt"]
[Site "?"]
[Date "1991.??.??"]
[Round "?.2"]
[White "Smagin, S."]
[Black "Casper, T."]
[Result "1/2-1/2"]
[WhiteElo "2535"]
[BlackElo "2430"]
[PlyCount "80"]
[EventDate "1991.??.??"]

1. e4 e6 2. d4 d5 3. Nd2 c5 4. exd5 exd5 5. Ngf3 Nc6 6. Bb5 Bd6 7. dxc5 Bxc5 8.
O-O Nge7 9. Nb3 Bb6 10. Re1 O-O 11. Be3 Bf5 12. c3 Be4 13. Nfd2 Bg6 14. Nf1 Re8
15. Qd2 f6 16. a4 a6 17. Bxc6 Nxc6 18. Nc5 Re7 19. b4 Ne5 20. Rad1 Bf7 21. Bd4
Nc4 22. Qc1 Bxc5 23. Bxc5 Rxe1 24. Rxe1 b6 25. Bd4 Qd7 26. Ne3 Nxe3 27. Rxe3
Qxa4 28. Bxb6 Re8 29. Rxe8+ Qxe8 30. h3 Qe6 31. Bd4 h5 32. Qb1 Qe4 33. Qf1 Qe6
34. Qd3 Be8 35. f4 Bb5 36. Qf3 Qf5 37. g4 hxg4 38. hxg4 Qb1+ 39. Kh2 Qc2+ 40.
Kg3 Qd3 1/2-1/2

[Event "BL 9192 Dortmund-Erfurt"]
[Site "?"]
[Date "1991.??.??"]
[Round "?.3"]
[White "Kuczynski, R."]
[Black "Mainka, R."]
[Result "1-0"]
[WhiteElo "2480"]
[BlackElo "2445"]
[PlyCount "117"]
[EventDate "1991.??.??"]

1. e4 e5 2. Nf3 Nc6 3. Bc4 Nf6 4. d3 Be7 5. O-O O-O 6. Bb3 d5 7. exd5 Nxd5 8.
h3 a5 9. a3 a4 10. Ba2 Qd6 11. Nbd2 Nf4 12. Ne4 Qg6 13. Bxf4 exf4 14. Kh1 Kh8
15. Bd5 Qh6 16. Bxc6 Qxc6 17. Qd2 Qh6 18. Qc3 Bd8 19. Rae1 b6 20. Ned2 c5 21.
Qe5 Be6 22. Ne4 Rc8 23. Neg5 Bc7 24. Qe4 Bg4 25. Kg1 Bh5 26. Qf5 Qg6 27. Qxg6
Bxg6 28. Nh4 Bh5 29. Ngf3 Bd8 30. Nf5 Bf6 31. Ne5 Rfd8 32. g4 Bg6 33. Ne7 Rc7
34. N7xg6+ hxg6 35. Re4 Kg8 36. Rfe1 Re8 37. Nd7 Rxe4 38. Nxf6+ gxf6 39. Rxe4
b5 40. Rxf4 Kg7 41. Re4 f5 42. gxf5 gxf5 43. Re8 c4 44. dxc4 bxc4 45. Rb8 c3
46. b4 axb3 47. Rxb3 Kf6 48. Kg2 Kg5 49. Rb4 Ra7 50. a4 f6 51. Kf3 Ra6 52. Rc4
Ra7 53. h4+ Kh5 54. Ke3 Rd7 55. a5 f4+ 56. Rxf4 Rd2 57. a6 Rxc2 58. Ra4 Rb2 59.
a7 1-0

[Event "BL 9192 Dortmund-Erfurt"]
[Site "?"]
[Date "1991.??.??"]
[Round "?.4"]
[White "Keitlinghaus, L."]
[Black "Paehtz, T."]
[Result "1/2-1/2"]
[WhiteElo "2445"]
[BlackElo "2465"]
[PlyCount "64"]
[EventDate "1991.??.??"]

1. e4 e6 2. d4 d5 3. exd5 exd5 4. Nf3 Nf6 5. Bd3 Be7 6. h3 O-O 7. O-O b6 8. c4
dxc4 9. Bxc4 Bb7 10. Nc3 Nc6 11. a3 Na5 12. Ba2 c5 13. dxc5 Qxd1 14. Rxd1 Bxf3
15. gxf3 bxc5 16. Bf4 Nc6 17. Re1 Rfd8 18. Rad1 Rxd1 19. Rxd1 Nd4 20. Kg2 Nf5
21. Nd5 Nh4+ 22. Kf1 Nxd5 23. Bxd5 Rd8 24. Bc7 Rc8 25. Ba5 Rb8 26. b3 Nf5 27.
Bc3 Rd8 28. Ba5 Rb8 29. Be4 Nd4 30. b4 Ne6 31. Rd7 Bf8 32. bxc5 Bxc5 1/2-1/2

[Event "BL 9192 Dortmund-Erfurt"]
[Site "?"]
[Date "1991.??.??"]
[Round "?.5"]
[White "Budnikov, A."]
[Black "Thesing, M."]
[Result "1-0"]
[WhiteElo "2525"]
[BlackElo "2405"]
[PlyCount "80"]
[EventDate "1991.??.??"]

1. d4 d5 2. c4 e6 3. Nf3 Nf6 4. g3 dxc4 5. Bg2 Nbd7 6. O-O c6 7. a4 Nd5 8. e4
Nb4 9. Na3 Nd3 10. Bg5 f6 11. Nxc4 b5 12. axb5 cxb5 13. Na5 Nxb2 14. Qb3 Nc4
15. Bd2 Ndb6 16. Qxb5+ Qd7 17. Qh5+ g6 18. Qh4 Be7 19. Bh6 Nxa5 20. Bg7 Rg8 21.
Qxh7 Rxg7 22. Qxg7 Nac4 23. e5 Nd5 24. Qxg6+ Kd8 25. Rfc1 Ncb6 26. h4 Qe8 27.
Qg7 f5 28. Qh7 Qf8 29. Ng5 Bd7 30. Bf3 Bxg5 31. hxg5 Qe7 32. g6 Qxh7 33. gxh7
Ke7 34. Rxa7 Rh8 35. Rc6 Rxh7 36. Rd6 Kd8 37. Rxe6 Nc8 38. Rb7 Bxe6 39. Rxh7
Nce7 40. Kg2 Nc6 {ZÜ} 1-0

[Event "BL 9192 Dortmund-Erfurt"]
[Site "?"]
[Date "1991.??.??"]
[Round "?.6"]
[White "Luecke, N."]
[Black "Voekler, B."]
[Result "1-0"]
[WhiteElo "2390"]
[BlackElo "2370"]
[PlyCount "93"]
[EventDate "1991.??.??"]

1. e4 c5 2. Nf3 d6 3. d4 cxd4 4. Nxd4 Nf6 5. Nc3 a6 6. Be2 e5 7. Nb3 Be7 8. O-O
O-O 9. Be3 Nbd7 10. a4 b6 11. Qd3 Bb7 12. Nd2 Qc7 13. Rfd1 Rfd8 14. Nc4 Nc5 15.
Bxc5 dxc5 16. Qe3 Rd4 17. f3 Bc6 18. Nd5 Nxd5 19. exd5 Rxd5 20. Rxd5 Bxd5 21.
Qxe5 Qxe5 22. Nxe5 Bf6 23. Rd1 Bxe5 24. Rxd5 Bxb2 25. Rd7 b5 26. axb5 axb5 27.
Bxb5 Bd4+ 28. Kf1 h6 29. Bd3 Kf8 30. Bc4 Ra1+ 31. Ke2 Rg1 32. Rxf7+ Ke8 33. g4
Rg2+ 34. Kd3 Rxh2 35. Rf5 Rh1 36. c3 Bf2 37. Rf7 g6 38. Rh7 g5 39. Bd5 Rd1+ 40.
Ke4 Be1 41. c4 Bc3 42. Kf5 Rh1 43. Ke6 Kf8 44. Rf7+ Kg8 45. Kf5 Re1 46. Kg6 Re8
47. Kxh6 1-0

[Event "BL 9192 Dortmund-Erfurt"]
[Site "?"]
[Date "1991.??.??"]
[Round "?.7"]
[White "Schwarz, M."]
[Black "Buecker, S."]
[Result "1-0"]
[WhiteElo "2315"]
[BlackElo "2355"]
[PlyCount "47"]
[EventDate "1991.??.??"]

1. Nf3 f5 2. g3 Nf6 3. Bg2 d6 4. d4 g6 5. O-O Bg7 6. c4 O-O 7. Nc3 c6 8. d5 Bd7
9. Rb1 Na6 10. b4 Rc8 11. Be3 cxd5 12. Nxd5 b6 13. Nxf6+ Rxf6 14. Qd3 Nb8 15.
Rfd1 Qc7 16. Nd4 Nc6 17. c5 bxc5 18. bxc5 Nd8 19. c6 Nxc6 20. Rdc1 d5 21. Bxd5+
Kh8 22. Bg5 Rd6 23. Nb5 Ne5 24. Rxc7 1-0

[Event "BL 9192 Dortmund-Erfurt"]
[Site "?"]
[Date "1991.??.??"]
[Round "?.8"]
[White "Stein, B."]
[Black "Maiwald, J."]
[Result "1-0"]
[WhiteElo "2355"]
[BlackElo "2295"]
[PlyCount "81"]
[EventDate "1991.??.??"]

1. e4 c5 2. Nf3 e6 3. c3 d5 4. exd5 exd5 5. d4 Nc6 6. Be2 Bd6 7. dxc5 Bxc5 8.
O-O Nge7 9. Nbd2 O-O 10. Nb3 Bd6 11. Bd3 Ng6 12. Bg5 Nce7 13. Nbd4 Qb6 14. Qd2
Bd7 15. Rfe1 Rfe8 16. Be3 Qa5 17. b4 Qc7 18. Nb5 Bxb5 19. Bxb5 Rec8 20. Bd4 Nf5
21. g3 Bf8 22. Rac1 Nd6 23. Bd3 Qd8 24. h4 Be7 25. h5 Nf8 26. h6 g6 27. Qf4 f6
28. Qe3 Rc7 29. Bxa7 Rd7 30. Bb6 Qe8 31. Bc5 Qf7 32. a4 Bd8 33. a5 Bc7 34. Nd4
Re8 35. Qf3 f5 36. Rxe8 Nxe8 37. Bb5 Rd8 38. c4 Nf6 39. cxd5 Ng4 40. d6 Ne5 41.
Qf4 1-0

[Event "BL 9192 Solingen-Bamberg"]
[Site "?"]
[Date "1991.??.??"]
[Round "?.1"]
[White "Pfleger, He"]
[Black "Chandler, M."]
[Result "0-1"]
[WhiteElo "2495"]
[BlackElo "2605"]
[PlyCount "158"]
[EventDate "1991.??.??"]

1. Nf3 c5 2. c4 Nc6 3. g3 g6 4. Bg2 Bg7 5. O-O e6 6. Nc3 Nge7 7. d3 O-O 8. Bf4
d5 9. cxd5 Nxd5 10. Nxd5 exd5 11. Qd2 Re8 12. Rac1 b6 13. Rfe1 a5 14. d4 Nxd4
15. Nxd4 Bxd4 16. e3 Bg7 17. Qxd5 Ra7 18. Qxd8 Rxd8 19. Red1 Rxd1+ 20. Rxd1 Rd7
21. Rxd7 Bxd7 22. b3 a4 23. Bc7 b5 24. bxa4 bxa4 25. Bd5 Bb5 26. Bd6 c4 27. Kf1
Bb2 28. Ke1 c3 29. Be4 Bc4 30. a3 Bb3 31. Be5 f5 32. Bc6 Kf7 33. Bd4 Ke6 34.
Ke2 Bc4+ 35. Kd1 Bb3+ 36. Ke1 Bxa3 37. Bxc3 Bd6 38. f4 a3 39. Kd2 Bd5 40. Bb5
Be7 41. Kc2 Bc5 42. Bd4 Bb4 43. Be2 a2 44. Kb2 h5 45. h3 Be1 46. g4 fxg4 47.
hxg4 h4 48. Bf1 Bf2 49. Bh3 Kd6 50. Be5+ Kc5 51. Bd4+ Kc6 52. Bf1 Kd7 53. Bh3
Ke8 54. Bc5 Be1 55. Bd4 Bf2 56. Bc5 Bc4 57. Bd4 Kf7 58. Ka1 Bb3 59. Kb2 Bd5 60.
Bb6 Be1 61. Bd4 Bf2 62. Bf1 g5 63. f5 Ke7 64. Bc5+ Kd7 65. Bb5+ Kc7 66. Bf1 Bg3
67. Bd4 Kd6 68. Ka1 Be5 69. Bxe5+ Kxe5 70. Kb2 Bf7 71. Bg2 Bc4 72. Ka1 Be2 73.
Bh3 Ke4 74. Kxa2 Bc4+ 75. Ka3 Kxe3 76. Kb4 Bf7 77. Bf1 Kf4 78. Bc4 Bxc4 79.
Kxc4 Ke5 0-1

[Event "BL 9192 Solingen-Bamberg"]
[Site "?"]
[Date "1991.??.??"]
[Round "?.2"]
[White "Lau, R."]
[Black "Meister, P."]
[Result "1/2-1/2"]
[WhiteElo "2500"]
[BlackElo "2410"]
[PlyCount "86"]
[EventDate "1991.??.??"]

1. e4 e6 2. d4 d5 3. Nc3 Nc6 4. Nf3 Nf6 5. Bg5 Be7 6. Bxf6 Bxf6 7. Bb5 O-O 8.
Qd2 Nb8 9. O-O c6 10. Be2 b6 11. Rad1 Ba6 12. Rfe1 Qc8 13. Qf4 Nd7 14. a3 Rb8
15. Qg4 Bxe2 16. Rxe2 b5 17. Rd3 b4 18. axb4 Rxb4 19. b3 Qc7 20. Qh5 g6 21. Qh6
Bg7 22. Qd2 a5 23. g3 Nf6 24. Qe1 Rd8 25. e5 Nd7 26. Na4 Qa7 27. Qd1 Rc8 28.
Kg2 c5 29. c3 Rxb3 30. Qxb3 c4 31. Qd1 cxd3 32. Qxd3 Rb8 33. Ra2 Bf8 34. Nd2
Qb7 35. Rb2 Qc6 36. Rxb8 Nxb8 37. Qc2 Be7 38. Qb3 Nd7 39. Nf3 Bd8 40. Ne1 Nb6
41. Nxb6 Bxb6 42. Nd3 Kg7 43. Nb2 Bd8 1/2-1/2

[Event "BL 9192 Solingen-Bamberg"]
[Site "?"]
[Date "1991.??.??"]
[Round "?.3"]
[White "Kurz, A."]
[Black "Mohr, S."]
[Result "1-0"]
[WhiteElo "2325"]
[BlackElo "2465"]
[PlyCount "64"]
[EventDate "1991.??.??"]

1. d4 Nf6 2. c4 g6 3. Nc3 d5 4. Nf3 Bg7 5. e3 O-O 6. Be2 c5 7. O-O cxd4 8. exd4
Nc6 9. Re1 Bg4 10. cxd5 Nxd5 11. h3 Be6 12. Bg5 h6 13. Bh4 Nf4 14. Bf1 g5 15.
Bg3 Nxd4 16. Nxd4 Qxd4 17. Qf3 Qb4 18. Ne4 Nd5 19. Bd3 Rad8 20. Re2 Nf6 21. Be5
Nxe4 22. Rxe4 Qb6 23. Re2 Bxe5 24. Rxe5 Qd4 25. Re3 Kg7 26. Rae1 Rd7 27. b3
Rfd8 28. Qh5 Qh4 29. Qe2 Qb4 30. Rxe6 fxe6 31. Qe5+ Kg8 32. Qxe6+ Kf8 1-0

[Event "BL 9192 Solingen-Bamberg"]
[Site "?"]
[Date "1991.??.??"]
[Round "?.4"]
[White "Reeh, O."]
[Black "Bezold, M."]
[Result "1/2-1/2"]
[WhiteElo "2445"]
[BlackElo "2355"]
[PlyCount "122"]
[EventDate "1991.??.??"]

1. d4 Nf6 2. c4 c5 3. e3 g6 4. Nc3 Bg7 5. Nf3 O-O 6. Be2 d6 7. O-O Nc6 8. d5
Na5 9. Nd2 a6 10. Rb1 e6 11. a3 exd5 12. cxd5 Qc7 13. b3 b5 14. Bb2 Re8 15. b4
cxb4 16. axb4 Nc4 17. Nxc4 bxc4 18. Rc1 Bd7 19. Na4 Qb7 20. Bd4 Bb5 21. Nb6
Rab8 22. Nxc4 Bxc4 23. Rxc4 Qxd5 24. Qa1 Qf5 25. Qxa6 Ne4 26. Bxg7 Kxg7 27. Bd3
d5 28. Rd4 h5 29. Qc6 Qf6 30. Qxf6+ Nxf6 31. Rc1 Ra8 32. b5 Reb8 33. h3 Ra2 34.
g4 hxg4 35. hxg4 Rb2 36. g5 Ne4 37. Bxe4 dxe4 38. Rxe4 R8xb5 39. Rg4 Rf5 40.
Rg2 Rb3 41. f4 Rfb5 42. Re2 Rd5 43. Kf2 Rd7 44. Rc6 Re7 45. Rc8 Reb7 46. Kf3
Rb8 47. Rxb8 Rxb8 48. e4 Rb7 49. Rd2 Ra7 50. Rd8 Ra3+ 51. Ke2 Rb3 52. Rd3 Rb7
53. Ke3 Ra7 54. Rd6 Rb7 55. Kd4 Ra7 56. Rd8 Ra4+ 57. Ke5 Ra5+ 58. Rd5 Ra7 59.
f5 gxf5 60. exf5 f6+ 61. gxf6+ Kf7 1/2-1/2

[Event "BL 9192 Solingen-Bamberg"]
[Site "?"]
[Date "1991.??.??"]
[Round "?.5"]
[White "Goetz, R."]
[Black "Podzielny, K."]
[Result "0-1"]
[WhiteElo "2355"]
[BlackElo "2455"]
[PlyCount "50"]
[EventDate "1991.??.??"]

1. e4 c5 2. Nf3 e6 3. d4 cxd4 4. Nxd4 a6 5. Nc3 Qc7 6. Be3 Nf6 7. a3 b5 8. Bd3
Bb7 9. O-O d6 10. f4 Nbd7 11. Qf3 h5 12. Kh1 Rc8 13. Rae1 Qb8 14. Bg1 Be7 15.
f5 e5 16. Nb3 h4 17. Be3 h3 18. g3 d5 19. Nxd5 Nxd5 20. exd5 Nf6 21. Kg1 Bxd5
22. Qe2 Ba8 23. Bd4 O-O 24. Bxe5 Qb7 25. Kf2 Rfe8 0-1

[Event "BL 9192 Solingen-Bamberg"]
[Site "?"]
[Date "1991.??.??"]
[Round "?.6"]
[White "Schaefer, Ma"]
[Black "Ramos, D."]
[Result "0-1"]
[WhiteElo "2460"]
[BlackElo "2330"]
[PlyCount "58"]
[EventDate "1991.??.??"]

1. e4 c5 2. Nf3 d6 3. d4 cxd4 4. Nxd4 Nf6 5. Nc3 a6 6. Bc4 e6 7. a4 Nc6 8. h3
d5 9. exd5 exd5 10. Be2 Bb4 11. O-O O-O 12. Bf3 Be6 13. Nce2 Rc8 14. Nxc6 bxc6
15. Qd3 a5 16. Nf4 Bd6 17. Re1 Qc7 18. g3 Rb8 19. b3 Nd7 20. Qe2 Bf5 21. Bg4
Bxg4 22. Qxg4 Ne5 23. Qh5 Rb4 24. Kg2 g6 25. Qd1 Rbb8 26. Nd3 Rfe8 27. Bf4 Nxd3
28. Rxe8+ Rxe8 29. Bxd6 Ne1+ 0-1

[Event "BL 9192 Solingen-Bamberg"]
[Site "?"]
[Date "1991.??.??"]
[Round "?.7"]
[White "Stickler, A."]
[Black "Zysk, R."]
[Result "0-1"]
[WhiteElo "2265"]
[BlackElo "2400"]
[PlyCount "122"]
[EventDate "1991.??.??"]

1. d4 f5 2. g3 Nf6 3. Bg2 g6 4. Nh3 Bg7 5. O-O O-O 6. Nc3 d5 7. Nf4 c6 8. f3
Na6 9. Be3 Qe8 10. Nd3 Be6 11. Bf2 Rd8 12. b4 Bf7 13. Rb1 Nc7 14. a4 Nd7 15. f4
Nf6 16. Ne5 Ne4 17. Nxe4 dxe4 18. Qc1 Bxe5 19. fxe5 Bc4 20. Re1 Ne6 21. c3 a6
22. Be3 Nc7 23. Rb2 Ra8 24. a5 Qd7 25. Rf1 Rf7 26. Rf2 Kh8 27. Rd2 Nd5 28. Rd1
Nxe3 29. Qxe3 Raf8 30. Rdf1 Kg7 31. h4 h6 32. Bh3 e6 33. Kh2 Qe7 34. Rh1 Bd5
35. Kg1 g5 36. hxg5 hxg5 37. Bg2 Rg8 38. Kf1 Kf8 39. Rh2 Ke8 40. Ke1 Rgf8 41.
Rh6 Kd7 42. Bh1 f4 43. gxf4 gxf4 44. Qh3 Rg8 45. Qh4 Rg3 46. Rxf4 Rg1+ 47. Kd2
Rxh1 48. Qxe7+ Kxe7 49. Rxh1 Rxf4 50. Rh8 Rf8 51. Rh7+ Rf7 52. Rh8 Kd7 53. Ke3
Rg7 54. Kf2 Kc7 55. Rh6 Rf7+ 56. Ke3 Rf1 57. Rh7+ Kb8 58. Rh8+ Ka7 59. Rh7 Rc1
60. Kd2 Ra1 61. Rh2 Ra2+ 0-1

[Event "BL 9192 Solingen-Bamberg"]
[Site "?"]
[Date "1991.??.??"]
[Round "?.8"]
[White "Schneider, B1."]
[Black "Huemmer, B."]
[Result "1/2-1/2"]
[WhiteElo "2430"]
[BlackElo "2275"]
[PlyCount "83"]
[EventDate "1991.??.??"]

1. c4 Nf6 2. Nc3 d6 3. g3 c6 4. Bg2 e5 5. Nf3 Be7 6. O-O O-O 7. d3 Bg4 8. b4
Nbd7 9. Nd2 d5 10. Rb1 d4 11. Nce4 Nxe4 12. Nxe4 Qc7 13. f4 exf4 14. Bxf4 Ne5
15. h3 Bh5 16. g4 Bg6 17. Qe1 f6 18. Qg3 Rae8 19. h4 Qd7 20. Nf2 Bf7 21. h5 Be6
22. g5 Ng4 23. g6 h6 24. b5 Nxf2 25. Rxf2 cxb5 26. Rxb5 b6 27. Rd5 Qc8 28. Rxd4
Bc5 29. e3 Bxd4 30. exd4 Bg4 31. Kh2 Re1 32. Bd2 Rd1 33. Bd5+ Kh8 34. Rg2 Re8
35. Bxh6 gxh6 36. Qf4 Kg7 37. Rxg4 Rde1 38. Rg2 Qb8 39. Qxb8 Rxb8 40. Bc6 Rd8
41. Bd5 Rd7 42. a4 1/2-1/2

[Event "BL 9192 Erfurt-Solingen"]
[Site "?"]
[Date "1991.??.??"]
[Round "?.2"]
[White "Casper, T."]
[Black "Lau, R."]
[Result "0-1"]
[WhiteElo "2430"]
[BlackElo "2500"]
[PlyCount "130"]
[EventDate "1991.??.??"]

1. e4 c5 2. Nf3 e6 3. d3 Nc6 4. g3 g6 5. Bg2 Bg7 6. O-O Nge7 7. Re1 d6 8. c3 e5
9. a3 a5 10. a4 O-O 11. Na3 h6 12. Nb5 d5 13. exd5 Nxd5 14. Nd2 Be6 15. Nc4 Rb8
16. Qc2 Qd7 17. Bd2 Rfd8 18. Rad1 Bg4 19. Ra1 Bh3 20. Bh1 Nf4 21. Nbd6 Ne6 22.
Rad1 Bg4 23. f3 Bxf3 24. Bxf3 Ncd4 25. cxd4 Nxd4 26. Qc1 Nxf3+ 27. Kf2 Nxh2 28.
Kg2 Ng4 29. Ne4 b6 30. Ne3 Nxe3+ 31. Bxe3 f5 32. Qc4+ Qd5 33. Qxd5+ Rxd5 34.
Nf2 Rf8 35. Bd2 h5 36. Bc3 Bf6 37. Re2 Kf7 38. Rde1 Re8 39. Rh1 Re6 40. Re3 Ke7
41. Rhe1 Kf7 42. Rh1 Red6 43. Kf3 Re6 44. Rhe1 g5 45. Kg2 Kg6 46. Nh3 Re7 47.
Kh2 Kf7 48. Nf2 g4 49. Kg2 Ke6 50. Rh1 Rh7 51. Rhe1 h4 52. gxh4 Rxh4 53. Rd1
Bg5 54. Ree1 Kf6 55. Re2 Bf4 56. Rh1 Rxh1 57. Kxh1 Rd7 58. Kg1 Rh7 59. b3 Rd7
60. Kg2 Rd5 61. Re1 Kg5 62. Bb2 g3 63. Nh3+ Kg4 64. Rd1 Be3 65. Ng1 e4 0-1

[Event "BL 9192 Erfurt-Solingen"]
[Site "?"]
[Date "1991.??.??"]
[Round "?.4"]
[White "Paehtz, T."]
[Black "Reeh, O."]
[Result "1/2-1/2"]
[WhiteElo "2465"]
[BlackElo "2445"]
[PlyCount "87"]
[EventDate "1991.??.??"]

1. d4 Nf6 2. c4 e6 3. Nc3 Bb4 4. e3 Nc6 5. Bd3 d5 6. Nge2 O-O 7. a3 Bd6 8. c5
Be7 9. f4 a5 10. Qc2 b6 11. Na4 bxc5 12. Nxc5 Bxc5 13. Qxc5 Ba6 14. Bxa6 Rxa6
15. Ng3 Ne7 16. Qc2 Qd7 17. Bd2 Nf5 18. Qd3 Rfa8 19. Rc1 h5 20. b4 axb4 21.
Bxb4 Nd6 22. O-O h4 23. Ne2 Nc4 24. Rc3 Qb5 25. Rfc1 Qb7 26. Rb3 Rb6 27. Rcb1
Ne4 28. h3 Rb8 29. Nc1 f6 30. Be1 Rxb3 31. Rxb3 Qa7 32. Bxh4 Rxb3 33. Qxb3 Qxa3
34. Qxa3 Nxa3 35. Kf1 Nc4 36. Ke2 c5 37. dxc5 Nxc5 38. Be1 Ne4 39. Nd3 Kf7 40.
g4 Ned6 41. Bb4 Ne4 42. Be1 Ned6 43. Bb4 Ne4 44. Be1 1/2-1/2

[Event "BL 9192 Erfurt-Solingen"]
[Site "?"]
[Date "1991.??.??"]
[Round "?.6"]
[White "Voekler, B."]
[Black "Schaefer, Ma"]
[Result "0-1"]
[WhiteElo "2370"]
[BlackElo "2460"]
[PlyCount "124"]
[EventDate "1991.??.??"]

1. e4 e6 2. d4 d5 3. Nc3 Be7 4. e5 b6 5. h4 Ba6 6. Qg4 Bf8 7. h5 h6 8. Nb5 Ne7
9. Qf4 Qd7 10. a4 Nc8 11. Rh3 c6 12. Nc3 Bxf1 13. Kxf1 a5 14. Rf3 Na6 15. Nce2
Na7 16. Nh3 c5 17. g4 Nc6 18. c3 Nd8 19. Be3 Rc8 20. Kg2 Rc7 21. g5 hxg5 22.
Nxg5 Qc6 23. Qg4 Re7 24. Nf4 c4 25. Nfh3 Kd7 26. Nf4 Ke8 27. Bd2 Nb8 28. Ra3
Ra7 29. b4 cxb3 30. Rxb3 Re7 31. Bc1 Rb7 32. Rb5 Na6 33. Bd2 Rd7 34. c4 Qxc4
35. Rxb6 Nc7 36. Rb8 Qxd4 37. Bc3 Qa7 38. Rc8 Qb7 39. Rxd8+ Kxd8 40. Bxa5 Ke8
41. Nxf7 Rxf7 42. Nxe6 Qc6 43. Nd4 Qd7 44. e6 Nxe6 45. Re3 Rh6 46. Nxe6 Re7 47.
Nc7+ Kf7 48. Rf3+ Kg8 49. Qg5 Re4 50. Rg3 Kh7 51. Nxd5 Rxa4 52. Bc3 Raa6 53.
Nf4 Qc6+ 54. Kh2 Ra7 55. Ng6 Qc5 56. Be5 Qxf2+ 57. Rg2 Qf3 58. Nf4 Rf7 59. Rg3
Qf2+ 60. Rg2 Qf3 61. Rg3 Qe4 62. Qg6+ Qxg6 0-1

[Event "BL 9192 Erfurt-Solingen"]
[Site "?"]
[Date "1991.??.??"]
[Round "?.8"]
[White "Brueggemann, Joa"]
[Black "Schneider, B1."]
[Result "1-0"]
[WhiteElo "2305"]
[BlackElo "2430"]
[PlyCount "37"]
[EventDate "1991.??.??"]

1. e4 g6 2. d4 Bg7 3. Nc3 c6 4. Nf3 d5 5. h3 Nf6 6. Bd3 O-O 7. O-O dxe4 8. Nxe4
Nxe4 9. Bxe4 Nd7 10. Re1 c5 11. Be3 Nf6 12. Bd3 Nd5 13. Qd2 Nxe3 14. Qxe3 cxd4
15. Qxe7 Qb6 16. Ne5 Be6 17. Nd7 Bxd7 18. Qxd7 Rad8 19. Qb5 1-0

[Event "BL 9192 Bamberg-Dortmund"]
[Site "?"]
[Date "1991.??.??"]
[Round "?.1"]
[White "Dolmatov, S."]
[Black "Pfleger, He"]
[Result "1-0"]
[WhiteElo "2605"]
[BlackElo "2495"]
[PlyCount "79"]
[EventDate "1991.??.??"]

1. e4 d6 2. d4 Nf6 3. Nc3 g6 4. f4 Bg7 5. Nf3 O-O 6. Bd3 Na6 7. O-O c5 8. d5
Rb8 9. e5 dxe5 10. Bxa6 bxa6 11. fxe5 Ng4 12. Bf4 Rxb2 13. h3 Qa5 14. Ne2 Qa4
15. hxg4 Bxg4 16. Rc1 Qxa2 17. Qd2 Bf5 18. Nc3 Qc4 19. Bh6 Bxh6 20. Qxh6 f6 21.
exf6 exf6 22. Rfe1 Rb7 23. Re3 Rbf7 24. Rce1 Bd7 25. Nd2 Qb4 26. Nde4 Qb6 27.
d6 Bc6 28. Rd1 c4 29. Nd5 Bxd5 30. Rxd5 f5 31. Nc5 f4 32. Re7 f3 33. Rxf7 Rxf7
34. gxf3 Rxf3 35. Qd2 Qd8 36. d7 Rg3+ 37. Kf2 Rg4 38. Kf3 h5 39. Ne6 Qf6+ 40.
Nf4 1-0